[Event "XLIII C.to Italiano a squadre Master"]
[Site "Spoleto ITA"]
[Date "2011.04.30"]
[Round "6"]
[White "Bellini, Fabio"]
[Black "Manca, Federico"]
[Result "1/2-1/2"]
[WhiteElo "2500"]
[BlackElo "2399"]
[PlyCount "85"]
[EventDate "2011.04.28"]

1. e4 e5 2. Nf3 Nc6 3. Nc3 Nf6 4. g3 g6 5. Bg2 Bg7 6. O-O O-O 7. d4 exd4 8.
Nxd4 d6 9. Nxc6 bxc6 10. h3 Rb8 11. Rb1 Re8 12. b3 c5 13. Bb2 Bb7 14. Qd3 Qd7
15. Rfe1 Re7 16. Re3 h5 17. Na4 Bc6 18. Nc3 Rbe8 19. Rbe1 h4 20. g4 Nh7 21. Nd1
Bh6 22. R3e2 Bf4 23. Qc3 f6 24. Qd3 Kg7 25. Ne3 Be5 26. Bc1 Ng5 27. Nd5 Bxd5
28. exd5 Bd4 29. Kf1 Rxe2 30. Rxe2 Rxe2 31. Qxe2 Nf7 32. Bd2 g5 33. c3 Be5 34.
Be4 Qe7 35. Bd3 Kf8 36. Bg6 Nh8 37. Bh5 Qh7 38. Qb5 Qb1+ 39. Ke2 Qe4+ 40. Be3
Qc2+ 41. Bd2 Qe4+ 42. Be3 Qc2+ 43. Bd2 1/2-1/2

[Event "XLIII C.to Italiano a squadre Master"]
[Site "Spoleto ITA"]
[Date "2011.04.30"]
[Round "6"]
[White "Bentivegna, Francesco"]
[Black "Rombaldoni, Denis"]
[Result "1-0"]
[WhiteElo "2317"]
[BlackElo "2498"]
[PlyCount "81"]
[EventDate "2011.04.28"]

1. e4 c6 2. d4 d5 3. e5 Bf5 4. Nd2 e6 5. Nb3 Nd7 6. Nf3 h6 7. Be2 Ne7 8. O-O g5
9. Bd2 a5 10. a4 Bg7 11. Ne1 O-O 12. Nd3 f6 13. f4 Ng6 14. exf6 Bxf6 15. fxg5
Bxg5 16. Bxg5 hxg5 17. Bg4 b6 18. Bxf5 exf5 19. Qh5 Qf6 20. Rae1 Rae8 21. Rxe8
Rxe8 22. h4 gxh4 23. Rxf5 Qd6 24. Rg5 Kg7 25. Ne5 Re6 26. c3 h3 27. Qxh3 Ndxe5
28. dxe5 Rxe5 29. Qg3 Kf7 30. Rxg6 Qxg6 31. Qxe5 Qb1+ 32. Kh2 Qh7+ 33. Kg1 Qb1+
34. Kh2 Qh7+ 35. Kg3 Qg6+ 36. Kh3 Qd3+ 37. Kh4 Qc4+ 38. Nd4 c5 39. b3 Qxc3 40.
Qxd5+ Kg7 41. Nf3 1-0

[Event "XLIII C.to Italiano a squadre Master"]
[Site "Spoleto ITA"]
[Date "2011.04.30"]
[Round "6"]
[White "D'Amore, Carlo"]
[Black "Arlandi, Ennio"]
[Result "0-1"]
[WhiteElo "2505"]
[BlackElo "2425"]
[PlyCount "104"]
[EventDate "2011.04.28"]

1. g3 d5 2. Bg2 g6 3. c4 c6 4. cxd5 cxd5 5. Qb3 e6 6. Nf3 Bg7 7. d3 Nc6 8. Nc3
Nge7 9. O-O O-O 10. e4 d4 11. Ne2 e5 12. Nh4 Be6 13. Qd1 Qd7 14. f4 f6 15. Bd2
a5 16. Nf3 h6 17. h4 Rfc8 18. a3 Ra6 19. Kh2 Rb6 20. Bc1 a4 21. g4 exf4 22.
Nxf4 Bb3 23. Qe2 Ne5 24. Nxe5 fxe5 25. Nh3 Rc2 26. Bd2 Be6 27. Rac1 Bxg4 28.
Bf3 Bxf3 29. Rxf3 Rbxb2 30. Rxc2 Rxc2 31. Rf2 Qe6 32. Qf3 Nc6 33. Qg2 b5 34.
Qf1 Qa2 35. Qg2 Kh7 36. h5 gxh5 37. Ng1 Ne7 38. Nf3 Qe6 39. Be1 Rxf2 40. Bxf2
Qg4 41. Bg3 Ng6 42. Qf2 h4 43. Bxh4 Nxh4 44. Nxh4 Qf4+ 45. Qxf4 exf4 46. Nf3 b4
47. axb4 a3 48. Nd2 a2 49. Nb3 Kg6 50. b5 Kg5 51. b6 Kg4 52. b7 Be5 0-1

[Event "XLIII C.to Italiano a squadre Master"]
[Site "Spoleto ITA"]
[Date "2011.04.30"]
[Round "6"]
[White "Damia, Angelo"]
[Black "Mogranzini, Roberto"]
[Result "1/2-1/2"]
[WhiteElo "2334"]
[BlackElo "2437"]
[PlyCount "75"]
[EventDate "2011.04.28"]

1. d4 Nf6 2. c4 g6 3. Nc3 Bg7 4. Bf4 d6 5. e3 Nbd7 6. Nf3 Nh5 7. Bg5 h6 8. Bh4
g5 9. Bg3 e6 10. Nd2 Nxg3 11. hxg3 Nf6 12. Be2 Bd7 13. Qc2 Qe7 14. O-O-O O-O-O
15. Rhe1 Kb8 16. Nb3 g4 17. Kb1 c5 18. Ka1 h5 19. Na5 Bc8 20. Nb3 b6 21. a4 Bb7
22. f3 Rc8 23. dxc5 dxc5 24. Rd3 Nd7 25. f4 f5 26. e4 fxe4 27. Rdd1 Nf6 28. Nd2
e3 29. Nf1 e5 30. Nxe3 exf4 31. Nf5 Qf8 32. gxf4 Ne8 33. g3 Bxc3 34. Qxc3 Qf6
35. Qe5+ Qxe5 36. fxe5 Nc7 37. Nd6 Rcf8 38. Nxb7 1/2-1/2

[Event "XLIII C.to Italiano a squadre Master"]
[Site "Spoleto ITA"]
[Date "2011.04.30"]
[Round "6"]
[White "De Santis, Alessio"]
[Black "Caprio, Guido"]
[Result "0-1"]
[WhiteElo "2295"]
[BlackElo "2299"]
[PlyCount "53"]
[EventDate "2011.04.28"]

1. b3 d5 2. Bb2 Bg4 3. h3 Bh5 4. g3 c5 5. Bg2 Nc6 6. Nf3 d4 7. O-O e5 8. d3 Bd6
9. c3 Nge7 10. a3 f6 11. b4 b6 12. b5 Na5 13. Nbd2 O-O 14. g4 Bf7 15. c4 Qd7
16. Nh4 Rad8 17. Ne4 Bb8 18. Bc1 Be6 19. Bd2 Nb7 20. Ng3 Nd6 21. Nf3 Kh8 22. e4
dxe3 23. Bxe3 Nf7 24. Nf5 Nxf5 25. gxf5 Bxf5 26. Nh4 Bxd3 27. Bd5 0-1

[Event "XLIII C.to Italiano a squadre Master"]
[Site "Spoleto ITA"]
[Date "2011.04.30"]
[Round "6"]
[White "Di Paolo, Raffaele"]
[Black "Mascellani, Marco"]
[Result "1/2-1/2"]
[WhiteElo "2312"]
[BlackElo "2301"]
[PlyCount "91"]
[EventDate "2011.04.28"]

1. e4 c5 2. Nf3 Nc6 3. d4 cxd4 4. Nxd4 Nf6 5. Nc3 e5 6. Ndb5 d6 7. Bg5 a6 8.
Na3 Be6 9. Nc4 Rc8 10. Ne3 Be7 11. Bxf6 Bxf6 12. Bd3 Bg5 13. Ned5 Bxd5 14. Nxd5
Ne7 15. Nxe7 Bxe7 16. O-O O-O 17. c3 Rc6 18. Qe2 Qc7 19. Bc2 Bg5 20. Rad1 g6
21. Rd3 Rb8 22. Bb3 b5 23. Rfd1 b4 24. cxb4 Rxb4 25. Rf3 Qb6 26. Bxf7+ Kg7 27.
Bb3 Rc7 28. Rfd3 Rd4 29. g3 Bf6 30. Kg2 Qb5 31. Qf3 a5 32. Rxd4 exd4 33. Qd3
Qxd3 34. Rxd3 Rc1 35. f4 Re1 36. Kf3 Rf1+ 37. Ke2 Rh1 38. h4 Rh2+ 39. Kf3 h5
40. Bd5 Rxb2 41. Rb3 Rxb3+ 42. Bxb3 d3 43. Ke3 Bc3 44. Bd1 Be1 45. g4 hxg4 46.
Bxg4 1/2-1/2

[Event "XLIII C.to Italiano a squadre Master"]
[Site "Spoleto ITA"]
[Date "2011.04.30"]
[Round "6"]
[White "Genocchio, Daniele"]
[Black "Laketic, Gojko"]
[Result "1/2-1/2"]
[WhiteElo "2433"]
[BlackElo "2452"]
[PlyCount "25"]
[EventDate "2011.04.28"]

1. e4 d6 2. d4 Nf6 3. f3 e5 4. d5 Nh5 5. Be3 Be7 6. c4 c5 7. Nc3 a6 8. g3 Nd7
9. Bd3 Bg5 10. Bf2 g6 11. Nge2 Bh6 12. a3 O-O 13. Qc2 1/2-1/2

[Event "XLIII C.to Italiano a squadre Master"]
[Site "Spoleto ITA"]
[Date "2011.04.30"]
[Round "6"]
[White "Kogan, Artur"]
[Black "Salgado Lopez, Ivan"]
[Result "1/2-1/2"]
[WhiteElo "2546"]
[BlackElo "2630"]
[PlyCount "175"]
[EventDate "2011.04.28"]

1. e4 c5 2. Nf3 d6 3. Nc3 Nf6 4. d4 cxd4 5. Nxd4 a6 6. a4 Nc6 7. Be2 e6 8. O-O
Bd7 9. Nb3 Na5 10. Nxa5 Qxa5 11. Bf4 Bc6 12. Bf3 Qc7 13. Re1 Be7 14. e5 dxe5
15. Bxe5 Qc8 16. Ne4 Nxe4 17. Bxe4 Bxe4 18. Rxe4 O-O 19. Qg4 f6 20. Rc4 Qe8 21.
Qxe6+ Qf7 22. Qxf7+ Kxf7 23. Bd4 b5 24. Rc7 Rfc8 25. Rb7 Rxc2 26. Re1 Re8 27.
axb5 axb5 28. Bc3 Kf8 29. Rxb5 Rc8 30. Kf1 Rc7 31. g4 Kf7 32. Re2 Rc1+ 33. Kg2
Rb1 34. Rd5 Rb7 35. Re4 Rc1 36. h4 h6 37. h5 Rb1 38. Kf3 Rc1 39. Red4 Ke6 40.
Ra5 Rc2 41. Re4+ Kf7 42. Rd5 Rc7 43. Rd1 Rb7 44. Re2 Rxe2 45. Kxe2 f5 46. f3
fxg4 47. fxg4 Bf6 48. Rd6 Rb5 49. Rc6 Rd5 50. Ke3 Rd1 51. Bxf6 gxf6 52. b4 Rb1
53. Rc4 Rg1 54. Kf4 Re1 55. Rc7+ Ke6 56. Rc6+ Kd5 57. Rc5+ Ke6 58. Rc3 Rb1 59.
Rc6+ Kf7 60. Rc4 Ke6 61. Ke4 Rg1 62. Ke3 Kd5 63. Rf4 Ke5 64. Rf5+ Ke6 65. Kf3
Rf1+ 66. Ke4 Rg1 67. Rf4 Rd1 68. Ke3 Ke5 69. Rf5+ Ke6 70. b5 Rg1 71. Kf3 Rb1
72. Rc5 Rb3+ 73. Kf4 Rb4+ 74. Kg3 Rb3+ 75. Kh4 Ke7 76. Rc7+ Kf8 77. Rc8+ Kg7
78. Rc7+ Kf8 79. Rb7 Kg8 80. b6 Kh8 81. Rb8+ Kg7 82. b7 Kh7 83. Rf8 Rxb7 84.
Rxf6 Rb3 85. Rf7+ Kg8 86. Re7 Ra3 87. Re2 Kg7 88. Rg2 1/2-1/2

[Event "XLIII C.to Italiano a squadre Master"]
[Site "Spoleto ITA"]
[Date "2011.04.30"]
[Round "6"]
[White "Lucaroni, Massimiliano"]
[Black "Foglia, Maurizio"]
[Result "1-0"]
[WhiteElo "2262"]
[BlackElo "2221"]
[PlyCount "49"]
[EventDate "2011.04.28"]

1. e4 Nf6 2. e5 Nd5 3. d4 d6 4. c4 Nb6 5. exd6 cxd6 6. Nc3 g6 7. h3 Bg7 8. Nf3
O-O 9. Be2 Nc6 10. O-O e5 11. Bg5 f6 12. Be3 Ne7 13. c5 dxc5 14. dxe5 fxe5 15.
Bxc5 Qe8 16. Qb3+ Kh8 17. Qa3 Nbd5 18. Bb5 Qd8 19. Nxd5 Nxd5 20. Bxf8 Bxf8 21.
Qb3 Nf4 22. Nxe5 Qf6 23. Rfe1 Be6 24. Bc4 Bf5 25. Qxb7 1-0

[Event "XLIII C.to Italiano a squadre Master"]
[Site "Spoleto ITA"]
[Date "2011.04.30"]
[Round "6"]
[White "Mantovani, Renzo"]
[Black "De Filomeno, Simone"]
[Result "1-0"]
[WhiteElo "2343"]
[BlackElo "2259"]
[PlyCount "84"]
[EventDate "2011.04.28"]

1. e4 c5 2. Nf3 Nc6 3. d4 cxd4 4. Nxd4 Nf6 5. Nc3 g6 6. Nxc6 bxc6 7. e5 Ng8 8.
Bc4 Bg7 9. Qf3 f5 10. Bf4 e6 11. O-O-O Qc7 12. Qe3 Qb6 13. Qd2 Rb8 14. Bb3 Ne7
15. Be3 Qa5 16. f4 Ra8 17. Kb1 O-O 18. Nd5 Qd8 19. Nf6+ Kh8 20. Bxe6 d5 21.
Bxc8 Nxc8 22. Qc3 Nd6 23. Qxc6 Nc4 24. Rxd5 Qc8 25. Qxc8 Rfxc8 26. Bd4 Rab8 27.
Kc1 Bh6 28. g3 g5 29. Rf1 gxf4 30. gxf4 Rd8 31. b3 Na5 32. c4 Nc6 33. Bc3 Ne7
34. Rd7 Rxd7 35. Nxd7 Rd8 36. e6+ Kg8 37. Nf6+ Kf8 38. Nxh7+ Ke8 39. Nf6+ Kf8
40. Kc2 Rd6 41. Bb4 Rxe6 42. Nd5 Re2+ 1-0

[Event "XLIII C.to Italiano a squadre Master"]
[Site "Spoleto ITA"]
[Date "2011.04.30"]
[Round "6"]
[White "Martorelli, Antonio"]
[Black "Dvirnyy, Danyyil"]
[Result "0-1"]
[WhiteElo "2234"]
[BlackElo "2448"]
[PlyCount "123"]
[EventDate "2011.04.28"]

1. e4 d5 2. exd5 Qxd5 3. Nc3 Qa5 4. d4 Nf6 5. Bc4 Bf5 6. Nf3 e6 7. Bd2 Bb4 8.
a3 Bxc3 9. Bxc3 Qb6 10. Ne5 Nc6 11. O-O O-O 12. Be2 Nxe5 13. dxe5 Nd5 14. Qd2
Qc5 15. Bf3 Nxc3 16. Qxc3 Qxc3 17. bxc3 Rab8 18. Rac1 Rfd8 19. g4 Bg6 20. Rfd1
Rxd1+ 21. Rxd1 Bxc2 22. Rd7 c6 23. Rd2 Bb3 24. Be2 g5 25. c4 c5 26. Rd7 Ba4 27.
Rd3 Bc6 28. Bf1 Kf8 29. Rh3 Be4 30. Bg2 Bg6 31. Rc3 b6 32. Bf3 Rd8 33. Be2 Rd4
34. f3 h5 35. h3 hxg4 36. hxg4 Ke7 37. Kf2 Kd7 38. Ke3 Kc6 39. Rc1 Kb7 40. Rh1
Rd8 41. Ra1 Ka6 42. Ra2 Ka5 43. Ra1 Rd4 44. Rc1 Ka4 45. Rc3 a5 46. Kf2 Bb1 47.
Ke1 Ba2 48. Bd1+ Rxd1+ 49. Kxd1 Bb3+ 50. Kc1 Kxa3 51. f4 Kb4 52. Rf3 Bxc4 53.
fxg5 a4 54. Rxf7 Bd3 55. Rf6 a3 56. g6 Kc3 57. Rf8 Bxg6 58. g5 Be4 59. Rf2 c4
60. Re2 Bg6 61. Rg2 Kb3 62. Rg3+ 0-1

[Event "XLIII C.to Italiano a squadre Master"]
[Site "Spoleto ITA"]
[Date "2011.04.30"]
[Round "6"]
[White "Olszewski, Michal"]
[Black "Marin, Mihail"]
[Result "0-1"]
[WhiteElo "2542"]
[BlackElo "2555"]
[PlyCount "76"]
[EventDate "2011.04.28"]

1. e4 e5 2. Nf3 Nc6 3. Bb5 a6 4. Ba4 Nf6 5. O-O Nxe4 6. d4 b5 7. Bb3 d5 8. dxe5
Be6 9. Be3 Be7 10. c3 Nc5 11. Bc2 Bg4 12. Nbd2 Ne6 13. Qb1 Bh5 14. Bf5 Bg6 15.
Nb3 Qd7 16. Nbd4 Ncd8 17. b4 O-O 18. g4 a5 19. a3 Qe8 20. Qd3 c6 21. Ne2 Nc7
22. Ng3 c5 23. h4 Nc6 24. bxc5 Rd8 25. h5 Bxf5 26. Nxf5 g6 27. Nh6+ Kh8 28. Kg2
Ne6 29. Qxb5 f5 30. exf6 Bxf6 31. Qd3 Bg7 32. Nh4 d4 33. cxd4 Rxd4 34. Qc2 Bxh6
35. Bxh6 Rxg4+ 36. Kh3 Nf4+ 37. Bxf4 Rfxf4 38. Nf3 Rxf3+ 0-1

[Event "XLIII C.to Italiano a squadre Master"]
[Site "Spoleto ITA"]
[Date "2011.04.30"]
[Round "6"]
[White "Radulski, Julian"]
[Black "Pavasovic, Dusko"]
[Result "1/2-1/2"]
[WhiteElo "2586"]
[BlackElo "2578"]
[PlyCount "20"]
[EventDate "2011.04.28"]

1. e4 e5 2. Nf3 Nc6 3. Bb5 a6 4. Ba4 Nf6 5. O-O Be7 6. Bxc6 dxc6 7. Nc3 Nd7 8.
d4 exd4 9. Qxd4 O-O 10. Rd1 Nc5 1/2-1/2

[Event "XLIII C.to Italiano a squadre Master"]
[Site "Spoleto ITA"]
[Date "2011.04.30"]
[Round "6"]
[White "Rombaldoni, Axel"]
[Black "Ferro, Mario"]
[Result "1-0"]
[WhiteElo "2449"]
[BlackElo "2242"]
[PlyCount "93"]
[EventDate "2011.04.28"]

1. e4 b6 2. c4 Bb7 3. Nc3 e5 4. Nf3 Nf6 5. d3 Nc6 6. Be2 Bb4 7. O-O Bxc3 8.
bxc3 d6 9. Ne1 h6 10. f4 Qe7 11. Nc2 O-O-O 12. Ne3 Rdg8 13. Nd5 Nxd5 14. cxd5
Nb8 15. fxe5 dxe5 16. a4 g6 17. Ba3 Qe8 18. Bg4+ Nd7 19. Rf6 Kb8 20. Bxd7 Qxd7
21. a5 Rh7 22. axb6 axb6 23. c4 g5 24. Bb4 Rg6 25. Qf1 Rhg7 26. Qf5 Qe8 27. Bc3
Bc8 28. Qxe5 Qxe5 29. Bxe5 Rxf6 30. Bxf6 Rg6 31. Rf1 Bd7 32. Be5 Be8 33. g4 Kc8
34. Kg2 b5 35. cxb5 Rb6 36. Rc1 Rxb5 37. Rxc7+ Kd8 38. Ra7 Bd7 39. h3 Rb3 40.
Bf6+ Kc8 41. d6 Rb7 42. Ra8+ Rb8 43. Rxb8+ Kxb8 44. Bg7 Kb7 45. Bxh6 Kc6 46.
Bxg5 Kxd6 47. Bf6 1-0

[Event "XLIII C.to Italiano a squadre Master"]
[Site "Spoleto ITA"]
[Date "2011.04.30"]
[Round "6"]
[White "Ronchetti, Niccolo'"]
[Black "Salvador, Roland"]
[Result "1-0"]
[WhiteElo "2416"]
[BlackElo "2532"]
[PlyCount "103"]
[EventDate "2011.04.28"]

1. e4 c6 2. d4 d5 3. exd5 cxd5 4. c4 Nf6 5. Nc3 Nc6 6. Bg5 Be6 7. Be2 Qa5 8. c5
Ne4 9. Bd2 Nxd2 10. Qxd2 g6 11. Bf3 h5 12. Nge2 Bh6 13. Qd1 Rd8 14. a3 Qc7 15.
b4 Kf8 16. O-O g5 17. g3 Bg7 18. Qd2 Bf6 19. Rad1 Rd7 20. Bg2 h4 21. f4 gxf4
22. gxf4 h3 23. Bf3 Rg8+ 24. Kh1 Bg4 25. Qe3 Bxf3+ 26. Rxf3 Rd8 27. Rxh3 Qc8
28. Rg3 Rh8 29. Qd3 Bh4 30. Rh3 f5 31. Ng1 Kf7 32. Nf3 Bf6 33. Rxh8 Bxh8 34.
Ng5+ Ke8 35. Qh3 Kd7 36. Qxf5+ Kc7 37. Nxd5+ Kb8 38. Qxc8+ Kxc8 39. Nf7 Rxd5
40. Nxh8 Nxd4 41. Ng6 Kd7 42. Kg2 e6 43. h4 Ke8 44. h5 Kf7 45. Ne5+ Kg7 46. Kh3
Ne2 47. Rxd5 Nxf4+ 48. Kg4 Nxd5 49. Kg5 a6 50. h6+ Kh7 51. Nd7 Ne3 52. Nf8+ 1-0

[Event "XLIII C.to Italiano a squadre Master"]
[Site "Spoleto ITA"]
[Date "2011.04.30"]
[Round "6"]
[White "Rossi, Carlo"]
[Black "Efimov, Igor"]
[Result "1/2-1/2"]
[WhiteElo "2334"]
[BlackElo "2415"]
[PlyCount "27"]
[EventDate "2011.04.28"]

1. e4 e5 2. Nf3 Nc6 3. Bc4 Nf6 4. d3 Be7 5. O-O d6 6. c3 O-O 7. Bb3 h6 8. Re1
Nh7 9. Nbd2 Kh8 10. h3 Ng5 11. Nxg5 Bxg5 12. Nf3 Bxc1 13. Rxc1 Qf6 14. d4
1/2-1/2

[Event "XLIII C.to Italiano a squadre Master"]
[Site "Spoleto ITA"]
[Date "2011.04.30"]
[Round "6"]
[White "Rotoni, Matteo"]
[Black "Tassi, Oliviero"]
[Result "1-0"]
[WhiteElo "2138"]
[BlackElo "2320"]
[PlyCount "61"]
[EventDate "2011.04.28"]

1. e4 c5 2. c3 d6 3. d4 Nd7 4. Nf3 g6 5. Bc4 Qb6 6. Ng5 Nh6 7. Qf3 e6 8. Qh3
cxd4 9. O-O Ne5 10. Bb3 Nhg4 11. Qh4 Bg7 12. h3 Nf6 13. cxd4 Qxd4 14. Nc3 h6
15. Be3 Qb4 16. Nf3 g5 17. Nxg5 hxg5 18. Qxg5 Rg8 19. f4 Nc4 20. Bf2 Bd7 21. e5
Bh8 22. Qh4 Nd2 23. Bg3 dxe5 24. Rf2 Nde4 25. fxe5 Rc8 26. exf6 Rxc3 27. bxc3
Qxc3 28. Qxe4 Qxa1+ 29. Kh2 Bxf6 30. Qxb7 Be5 31. Qa8+ 1-0

[Event "XLIII C.to Italiano a squadre Master"]
[Site "Spoleto ITA"]
[Date "2011.04.30"]
[Round "6"]
[White "Saccone, Fabio"]
[Black "Bonafede, Alessandro"]
[Result "0-1"]
[WhiteElo "2308"]
[BlackElo "2389"]
[PlyCount "88"]
[EventDate "2011.04.28"]

1. c4 f5 2. Nc3 Nf6 3. g3 g6 4. Bg2 Bg7 5. d3 O-O 6. e4 e6 7. Nge2 d6 8. O-O
Nc6 9. f4 Ne7 10. d4 fxe4 11. Nxe4 Nxe4 12. Bxe4 d5 13. cxd5 exd5 14. Bf3 Nf5
15. Qd3 Re8 16. Rd1 c6 17. Kg2 a5 18. g4 Nh4+ 19. Kg3 b6 20. Ng1 Ba6 21. Qc3
Nxf3 22. Qxf3 Re4 23. Be3 Qd6 24. Rd2 Rae8 25. Bf2 g5 26. Kg2 Rxf4 27. Bg3 Rxf3
28. Bxd6 Rd3 29. Rxd3 Bxd3 30. Rd1 Be4+ 31. Kg3 Re6 32. Bc7 c5 33. dxc5 bxc5
34. Nf3 h6 35. b3 Bc3 36. Nd2 Bd3 37. Nf3 Re3 38. Kf2 Re2+ 39. Kg3 Be4 40. a4
Re3 41. Rf1 Bb4 42. Bd8 d4 43. h4 d3 44. hxg5 d2 0-1

[Event "XLIII C.to Italiano a squadre Master"]
[Site "Spoleto ITA"]
[Date "2011.04.30"]
[Round "6"]
[White "Scalcione, Michelangelo"]
[Black "Bruno, Fabio"]
[Result "0-1"]
[WhiteElo "2344"]
[BlackElo "2446"]
[PlyCount "72"]
[EventDate "2011.04.28"]

1. Nf3 e6 2. c4 f5 3. d4 Nf6 4. g3 c6 5. Bg2 d5 6. O-O Bd6 7. b3 O-O 8. Ba3 b6
9. Qc1 Bb7 10. Bxd6 Qxd6 11. Qa3 c5 12. cxd5 exd5 13. Nc3 Nbd7 14. Rac1 a6 15.
Rfd1 f4 16. Na4 Ne4 17. g4 Rae8 18. Ne1 h5 19. f3 c4 20. Qb2 hxg4 21. fxe4 dxe4
22. e3 f3 23. Qf2 fxg2 24. Qxg2 b5 25. Nc3 cxb3 26. axb3 Qh6 27. Qd2 Nf6 28.
Ne2 Nd5 29. Ng2 Rf3 30. Ng3 Qh3 31. Rc5 Re6 32. Rxd5 Bxd5 33. Nf4 Rxf4 34. exf4
e3 35. Qe2 Bf3 36. Qc2 Rc6 0-1

[Event "XLIII C.to Italiano a squadre Master"]
[Site "Spoleto ITA"]
[Date "2011.04.30"]
[Round "6"]
[White "Stella, Andrea"]
[Black "Misiano, Franco"]
[Result "1-0"]
[WhiteElo "2364"]
[BlackElo "2310"]
[PlyCount "89"]
[EventDate "2011.04.28"]

1. d4 Nf6 2. c4 c5 3. d5 e6 4. Nc3 exd5 5. cxd5 d6 6. Nf3 g6 7. Bf4 Bg7 8. Qa4+
Bd7 9. Qb3 Qc7 10. e4 O-O 11. Nd2 Re8 12. Be2 b5 13. Bxb5 Nxe4 14. Ncxe4 f5 15.
O-O fxe4 16. Nc4 Bf8 17. Rfe1 a6 18. Bxd7 Nxd7 19. Qg3 Nf6 20. Bxd6 Bxd6 21.
Nxd6 Red8 22. Nxe4 Qxg3 23. Nxf6+ Kf7 24. hxg3 Kxf6 25. Re6+ Kf7 26. Rd1 Rxd5
27. Rxd5 Kxe6 28. Rxc5 Kd6 29. Ra5 Kc6 30. g4 Kb6 31. b4 Re8 32. f3 Re2 33. a3
Ra2 34. f4 Rd2 35. Kh2 Rd4 36. Kg3 Rd3+ 37. Kh4 Rd2 38. Kh3 Rd3+ 39. g3 Rd2 40.
f5 Rf2 41. Re5 Rf3 42. a4 gxf5 43. gxf5 Kc6 44. Kg4 Rd3 45. f6 1-0

[Event "XLIII C.to Italiano a squadre Master"]
[Site "Spoleto ITA"]
[Date "2011.04.30"]
[Round "6"]
[White "Xia, Jie"]
[Black "Esposito, Luca"]
[Result "1/2-1/2"]
[WhiteElo "2224"]
[BlackElo "2233"]
[PlyCount "103"]
[EventDate "2011.04.28"]

1. e4 e5 2. Nf3 Nc6 3. Bb5 a6 4. Ba4 Nf6 5. d3 Bd6 6. c3 O-O 7. O-O h6 8. Nbd2
Re8 9. Nc4 b5 10. Nxd6 cxd6 11. Bb3 Na5 12. Bc2 d5 13. Re1 dxe4 14. dxe4 Bb7
15. Nh4 Nxe4 16. Nf5 Nf6 17. Bxh6 gxh6 18. Qd2 Ng4 19. Nxh6+ Nxh6 20. Qxh6 e4
21. Re3 Re6 22. Rg3+ Rg6 23. Rxg6+ fxg6 24. Qxg6+ Kf8 25. Bxe4 Bxe4 26. Qxe4
Rc8 27. Re1 Rc6 28. Qd4 Rf6 29. Qh4 Kg7 30. Re3 Nc6 31. Qg5+ Rg6 32. Qxd8 Nxd8
33. Re7+ Kf8 34. Rxd7 Nc6 35. f4 Na5 36. Kf2 Rc6 37. h4 Nc4 38. b3 Nd6 39. g4
Ke8 40. Ra7 Rxc3 41. Rxa6 Ne4+ 42. Ke2 Kf7 43. h5 Nf6 44. Ra7+ Ke6 45. Rg7 Rh3
46. Kf2 Kd5 47. Kg2 Rc3 48. h6 Ke4 49. g5 Nd5 50. h7 Nxf4+ 51. Kf2 Rc2+ 52. Kg3
1/2-1/2

[Event "XLIII C.to Italiano a squadre Master"]
[Site "Spoleto ITA"]
[Date "2011.05.01"]
[Round "7"]
[White "Aranovitch, Emiliano"]
[Black "Lucaroni, Massimiliano"]
[Result "1/2-1/2"]
[WhiteElo "2333"]
[BlackElo "2262"]
[PlyCount "39"]
[EventDate "2011.04.28"]

1. e4 e5 2. Nf3 Nc6 3. Bb5 Nf6 4. d3 Bc5 5. c3 O-O 6. O-O d6 7. Re1 Ne7 8. d4
Bb6 9. h3 Ng6 10. Nbd2 c6 11. Bf1 Re8 12. dxe5 Nxe5 13. Nxe5 Rxe5 14. Bd3 Qe8
15. Nc4 Re6 16. Nxb6 axb6 17. f3 d5 18. Bf4 dxe4 19. fxe4 h6 20. Qc2 1/2-1/2

[Event "XLIII C.to Italiano a squadre Master"]
[Site "Spoleto ITA"]
[Date "2011.05.01"]
[Round "7"]
[White "Bonafede, Alessandro"]
[Black "Bentivegna, Francesco"]
[Result "1-0"]
[WhiteElo "2389"]
[BlackElo "2317"]
[PlyCount "55"]
[EventDate "2011.04.28"]

1. e4 e5 2. Nf3 Nc6 3. Bc4 Bc5 4. b4 Bxb4 5. c3 Be7 6. d4 Na5 7. Be2 d6 8. dxe5
dxe5 9. Qa4+ c6 10. Nxe5 Nf6 11. O-O b5 12. Qc2 Be6 13. Nd2 O-O 14. Nb3 Nxb3
15. axb3 Qc7 16. Nf3 h6 17. h3 a6 18. Be3 c5 19. c4 Qb7 20. Nd2 bxc4 21. bxc4
Rab8 22. e5 Nd7 23. f4 f5 24. Bf3 Qb2 25. Qd3 Nb6 26. Rfb1 Rbd8 27. Rxb2 Rxd3
28. Rxb6 1-0

[Event "XLIII C.to Italiano a squadre Master"]
[Site "Spoleto ITA"]
[Date "2011.05.01"]
[Round "7"]
[White "Contin, Daniel"]
[Black "Genocchio, Daniele"]
[Result "1-0"]
[WhiteElo "2316"]
[BlackElo "2433"]
[PlyCount "115"]
[EventDate "2011.04.28"]

1. Nf3 Nf6 2. c4 Nc6 3. g3 e5 4. Nc3 Bc5 5. Bg2 d6 6. O-O a6 7. e3 Ba7 8. h3
O-O 9. d4 h6 10. b3 Rb8 11. dxe5 dxe5 12. Ba3 Re8 13. Nd2 Be6 14. Nde4 Nd7 15.
g4 b5 16. cxb5 axb5 17. Bb2 Ne7 18. Ng3 Nc5 19. Qe2 Qd3 20. Rfd1 Qxe2 21. Ncxe2
f6 22. Rac1 b4 23. Ne4 Nxe4 24. Bxe4 Bb6 25. Rc2 h5 26. Bf3 Red8 27. Rcd2 Rxd2
28. Rxd2 Kf7 29. Ng3 h4 30. Ne4 Ke8 31. Kf1 Rd8 32. Rxd8+ Kxd8 33. Nd2 Bc5 34.
Ne4 Bb6 35. Ke2 Nc8 36. Bc1 Nd6 37. Bd2 Nxe4 38. Bxe4 Bc5 39. f4 exf4 40. exf4
Bd7 41. f5 Ke7 42. Be1 Bb5+ 43. Kf3 Bf1 44. Bxh4 Bd4 45. Be1 c5 46. h4 Kd6 47.
g5 fxg5 48. hxg5 Bg1 49. Bg3+ Ke7 50. Be5 Bd4 51. Bxd4 cxd4 52. Bb1 d3 53. Ke3
d2 54. Kxd2 Kd6 55. Bd3 Bh3 56. Ke3 Ke5 57. f6 gxf6 58. g6 1-0

[Event "XLIII C.to Italiano a squadre Master"]
[Site "Spoleto ITA"]
[Date "2011.05.01"]
[Round "7"]
[White "D'Amore, Carlo"]
[Black "Vocaturo, Daniele"]
[Result "1/2-1/2"]
[WhiteElo "2505"]
[BlackElo "2564"]
[PlyCount "23"]
[EventDate "2011.04.28"]

1. Nf3 Nf6 2. g3 b6 3. Bg2 Bb7 4. d3 d5 5. O-O e6 6. a4 Be7 7. e4 dxe4 8. Nfd2
Nc6 9. Nxe4 Nxe4 10. Bxe4 Na5 11. Bxb7 Nxb7 12. Qf3 1/2-1/2

[Event "XLIII C.to Italiano a squadre Master"]
[Site "Spoleto ITA"]
[Date "2011.05.01"]
[Round "7"]
[White "David, Alberto"]
[Black "Georgiev, Kiril D."]
[Result "1/2-1/2"]
[WhiteElo "2592"]
[BlackElo "2666"]
[PlyCount "20"]
[EventDate "2011.04.28"]

1. e4 e5 2. Nf3 Nc6 3. Bb5 Nf6 4. O-O Nxe4 5. Re1 Nd6 6. Nxe5 Be7 7. Ba4 Nxe5
8. Rxe5 O-O 9. c3 Bf6 10. Re1 Re8 1/2-1/2

[Event "XLIII C.to Italiano a squadre Master"]
[Site "Spoleto ITA"]
[Date "2011.05.01"]
[Round "7"]
[White "Dvirnyy, Danyyil"]
[Black "Olszewski, Michal"]
[Result "1/2-1/2"]
[WhiteElo "2448"]
[BlackElo "2542"]
[PlyCount "122"]
[EventDate "2011.04.28"]

1. e4 c5 2. Nf3 e6 3. d4 cxd4 4. Nxd4 a6 5. c4 Nf6 6. Nc3 Bb4 7. Bd3 Nc6 8. Nc2
Bxc3+ 9. bxc3 d6 10. f4 O-O 11. O-O Qc7 12. Ne3 b6 13. Rb1 Ne7 14. e5 dxe5 15.
fxe5 Nd7 16. Ba3 Qxe5 17. Ng4 Qg5 18. Be4 Ra7 19. c5 h5 20. cxb6 Nxb6 21. Rxb6
hxg4 22. Qe2 Rd8 23. Qf2 Nd5 24. Rd6 Rxd6 25. Bxd6 Rd7 26. c4 Qe3 27. cxd5
Qxf2+ 28. Kxf2 Rxd6 29. Rc1 Bd7 30. Rc5 Kf8 31. dxe6 Bxe6 32. a3 Ke7 33. Ke3 g6
34. Rc7+ Bd7 35. Ra7 Ke6 36. Bd3 Bc6 37. Bc4+ Ke5 38. Re7+ Kf6 39. Rxf7+ Kg5
40. g3 Bd5 41. Rc7 Re6+ 42. Kd3 Bxc4+ 43. Rxc4 Re5 44. Ra4 a5 45. Rd4 Kf5 46.
Rf4+ Kg5 47. a4 Rd5+ 48. Rd4 Re5 49. Re4 Rd5+ 50. Ke3 Rc5 51. Kd4 Rc2 52. Re5+
Kf6 53. Rxa5 Rxh2 54. Ke4 Rf2 55. Rd5 Ra2 56. Ra5 Rf2 57. Rd5 Ra2 58. a5 Ra4+
59. Ke3 Ra3+ 60. Kf4 Ra4+ 61. Ke3 Ra3+ 1/2-1/2

[Event "XLIII C.to Italiano a squadre Master"]
[Site "Spoleto ITA"]
[Date "2011.05.01"]
[Round "7"]
[White "Ferro, Mario"]
[Black "Xia, Jie"]
[Result "1-0"]
[WhiteElo "2242"]
[BlackElo "2224"]
[PlyCount "25"]
[EventDate "2011.04.28"]

1. e4 g6 2. d4 Bg7 3. Nf3 c5 4. dxc5 Qa5+ 5. c3 Qxc5 6. Be3 Qc7 7. Bd4 e5 8.
Be3 Nf6 9. Na3 O-O 10. Nb5 Qc6 11. Nxe5 Qxe4 12. Nxf7 Rxf7 13. Nd6 1-0